country and states flag 2 - Statistics

General Stats
  • This quiz has been taken 45 times
  • The average score is 13 of 16
Answer Stats
Picture Answer % Correct
portugal
98%
finland
95%
israel
95%
australia
90%
algeria
88%
germany
88%
spain
88%
sweden
85%
iran
83%
france
80%
south korea
78%
brasil
73%
california
65%
georgia
65%
malawi
43%
texas
43%
No matching quizzes found
Score Distribution
Percent of People with Each Score
Percentile by Number Answered
Your Score History
You have not taken this quiz